Casuale Forma della Bandiera per Paese - Statistics

Statistiche generali
  • Questo quiz è stato fatto 322 volte
  • Il punteggio medio è 17 su 20
Statistiche sulle risposte
con Immagini Risposta % Corretto
Albania
100%
Algeria
100%
Argentina
100%
Australia
100%
Bhutan
100%
Cambogia
100%
Cina
100%
Cipro
100%
Città del Vaticano
100%
Corea del Sud
100%
Costa Rica
100%
Danimarca
100%
Ecuador
100%
Egitto
100%
Etiopia
100%
Finlandia
100%
Francia
100%
Germania
100%
Ghana
100%
Giappone
100%
Grecia
100%
Guatemala
100%
Iran
100%
Irlanda
100%
Islanda
100%
Israele
100%
Lettonia
100%
Libano
100%
Lituania
100%
Malta
100%
Marocco
100%
Messico
100%
Moldavia
100%
Mozambico
100%
Niger
100%
Nigeria
100%
Paesi Bassi
100%
Polonia
100%
Portogallo
100%
Qatar
100%
Regno Unito
100%
Repubblica Ceca
100%
San Marino
100%
Serbia
100%
Siria
100%
Slovenia
100%
Stati Uniti
100%
Svezia
100%
Swaziland
100%
Turchia
100%
Turkmenistan
100%
Ucraina
100%
Uganda
100%
Uruguay
100%
Venezuela
100%
Vietnam
100%
Yemen
100%
Italia
94%
Canada
93%
Corea del Nord
92%
Libia
92%
Russia
92%
Brasile
91%
Cile
90%
Giamaica
90%
Macedonia del Nord
90%
Ungheria
90%
India
89%
Malesia
89%
Monaco
89%
Austria
88%
Belgio
88%
Bolivia
88%
Croazia
88%
Estonia
88%
Kazakistan
88%
Liechtenstein
88%
Mali
88%
Nepal
88%
Norvegia
88%
Paraguay
88%
Svizzera
88%
Tanzania
88%
Kosovo
87%
Bangladesh
86%
Burundi
86%
Filippine
86%
Iraq
86%
Mongolia
86%
Papua Nuova Guinea
86%
Spagna
86%
Thailandia
86%
Angola
83%
Barbados
83%
Belize
83%
Bielorussia
83%
Camerun
83%
Georgia
83%
Guinea
83%
Montenegro
83%
Nicaragua
83%
Nuova Zelanda
83%
Palau
83%
Romania
83%
Sri Lanka
83%
Togo
83%
Tunisia
83%
Namibia
82%
Repubblica Centrafricana
82%
Arabia Saudita
80%
Azerbaijan
80%
Ciad
80%
Cuba
80%
Isole Salomone
80%
Lussemburgo
80%
Seychelles
80%
Slovacchia
80%
Tagikistan
80%
Andorra
78%
Bulgaria
78%
Honduras
78%
Uzbekistan
78%
Bahrain
75%
Bosnia ed Erzegovina
75%
Burkina Faso
75%
Comoros
75%
Costa d'Avorio
75%
El Salvador
75%
Kenya
75%
Laos
75%
Madagascar
75%
Perù
75%
Senegal
75%
Somalia
75%
Giordania
73%
Taiwan
73%
Birmania
71%
Colombia
71%
Indonesia
71%
Mauritania
71%
Nauru
71%
Repubblica del Congo
71%
Sudafrica
71%
Suriname
71%
Pakistan
70%
Armenia
67%
Bahamas
67%
Haiti
67%
Kuwait
67%
Lesotho
67%
Liberia
67%
Santa Lucia
67%
Stati Federati di Micronesia
67%
Zambia
67%
Afghanistan
64%
Oman
64%
Trinidad e Tobago
64%
Gibuti
63%
Panama
60%
Zimbabwe
60%
Emirati Arabi Uniti
57%
Gambia
57%
Guinea-Bissau
57%
Guinea Equatoriale
57%
Malawi
57%
Grenada
56%
Gabon
55%
Ruanda
55%
Samoa
55%
Antigua e Barbuda
50%
Benin
50%
Botswana
50%
Dominica
50%
Eritrea
50%
Guyana
50%
Repubblica Democratica del Congo
50%
Sud Sudan
50%
Vanuatu
50%
Kirghizistan
44%
Maldive
40%
Singapore
40%
Brunei
38%
Sierra Leone
38%
Sudan
38%
Timor Est
38%
Figi
36%
Isole Marshall
33%
Saint Kitts e Nevis
33%
Sao Tome e Principe
29%
Mauritius
25%
Saint Vincent e Grenadine
25%
Tuvalu
25%
Tonga
18%
Kiribati
17%
Capo Verde
0%
Repubblica Dominicana
0%
Nessun quiz corrispondente trovato
Distribuzione punteggi
Percentuale di utenti per punteggio
Percentile per numero di risposta
I tuoi punteggi nel tempo
Non hai fatto questo quiz